Schaum's Outline of Theory and Problems of Structural Steel Design : (Record no. 110)
[ view plain ]
| 000 -LEADER | |
|---|---|
| fixed length control field | 00915nac a22002291u 4500 |
| 008 - FIXED-LENGTH DATA ELEMENTS--GENERAL INFORMATION | |
| fixed length control field | 100907t1991 nyu|||||r|||| 00| 0 eng d |
| 010 ## - LIBRARY OF CONGRESS CONTROL NUMBER | |
| LC control number | 89013665 |
| 020 ## - INTERNATIONAL STANDARD BOOK NUMBER | |
| International Standard Book Number | 0070588813 |
| 082 00 - DEWEY DECIMAL CLASSIFICATION NUMBER | |
| Classification number | 624.1821 |
| Item number | ROK |
| Edition number | 22 |
| 100 ## - MAIN ENTRY--PERSONAL NAME | |
| Personal name | Rokach, Abraham J. |
| 9 (RLIN) | 18713 |
| 245 10 - TITLE STATEMENT | |
| Title | Schaum's Outline of Theory and Problems of Structural Steel Design : |
| Remainder of title | Load and Resistance Factor Method / |
| Statement of responsibility, etc | Abraham J. Rokach. |
| 260 ## - PUBLICATION, DISTRIBUTION, ETC. (IMPRINT) | |
| Place of publication, distribution, etc | New York : |
| Name of publisher, distributor, etc | McGraw-Hill, |
| Date of publication, distribution, etc | 1991. |
| 300 ## - PHYSICAL DESCRIPTION | |
| Extent | vii, 187 p. : |
| Other physical details | ill. ; |
| Dimensions | 28 cm. |
| 490 0# - Series Statement | |
| Series statement | Schaum's outline series |
| -- | 18714 |
| 500 ## - GENERAL NOTE | |
| General note | Includes index. |
| 650 #0 - SUBJECT ADDED ENTRY--TOPICAL TERM | |
| Topical term or geographic name as entry element | Building, Iron and steel |
| General subdivision | Problems, exercises, etc. |
| 9 (RLIN) | 18715 |
| 650 #0 - SUBJECT ADDED ENTRY--TOPICAL TERM | |
| Topical term or geographic name as entry element | Steel, Structural |
| General subdivision | Problems, exercises, etc. |
| 9 (RLIN) | 18716 |
| 650 #0 - SUBJECT ADDED ENTRY--TOPICAL TERM | |
| Topical term or geographic name as entry element | Load factor design |
| General subdivision | Problems, exercises, etc. |
| 9 (RLIN) | 18717 |
| 740 0# - ADDED ENTRY--UNCONTROLLED RELATED/ANALYTICAL TITLE | |
| Uncontrolled related/analytical title | Structural steel design. |
| 740 0# - ADDED ENTRY--UNCONTROLLED RELATED/ANALYTICAL TITLE | |
| Uncontrolled related/analytical title | Theory and problems of structural steel design. |
| 942 ## - ADDED ENTRY ELEMENTS (KOHA) | |
| Item type | Book - Borrowing |
| Call number prefix | 624.1821ROK |
| Source of classification or shelving scheme | Dewey Decimal Classification |
| Withdrawn status | Item status | Damaged status | Not for loan | Home library | Current library | Shelving location | Date acquired | Source of acquisition | Total Checkouts | Full call number | Barcode | Date last seen | Cost, replacement price | Koha item type | Total Renewals | Date last borrowed |
|---|---|---|---|---|---|---|---|---|---|---|---|---|---|---|---|---|
| Central Library | Central Library | First floor | 22/12/2005 | Purchase | 1 | 624.1821 ROK | 000004661 | 15/07/2025 | 120.00 | Book - Borrowing | ||||||
| Central Library | Central Library | First floor | 22/12/2005 | Purchase | 2 | 624.1821 ROK | 000004660 | 15/07/2025 | 120.00 | Book - Borrowing | 32 | 16/01/2017 |